| 000 | 01664nam a22003977a 4500 | ||
|---|---|---|---|
| 003 | CHAP | ||
| 005 | 20220329143541.0 | ||
| 008 | 100514s2009 mx r 00010 spa d | ||
| 010 | _a98407 | ||
| 011 | _a99379 | ||
| 035 | _a110065 | ||
| 040 | _cCHAP | ||
| 090 | _aTesis | ||
| 100 | 1 |
_aVázquez Calvo, Delmar. _9120314 |
|
| 245 | 1 | 0 |
_aValoración económica del agua para consumo doméstico y la disponibilidad apagar por el servicio hidrológico : _bestudio de caso en la Unidad Habitacional Emiliano Zapata (ISSSTE, Chapingo, Méx.) _c/por Delmar Vázquez Calvo y Cirilo Rodríguez Méndez |
| 260 |
_aChapingo, Méx. : _bEl autor, _c2009 |
||
| 300 |
_aviii, 105 h. : _bilus., gráfs. |
||
| 502 | _aTesis (Ing. Forestal) -- UACH. División de Ciencias Forestales | ||
| 530 | _aTambién disponible en línea | ||
| 590 |
_aALEPH _b10 _c20130110 _lUCH01 _h1534 |
||
| 590 |
_aBATCH-UPD _b10 _c20130110 _lUCH01 _h0935 |
||
| 590 |
_aBATCH-UPD _b10 _c20130410 _lUCH01 _h0553 |
||
| 590 |
_aBATCH-UPD _b10 _c20130913 _lUCH01 _h2249 |
||
| 590 |
_aBATCH-UPD _b10 _c20140324 _lUCH01 _h1517 |
||
| 590 |
_aBATCH-UPD _b10 _c20141002 _lUCH01 _h0843 |
||
| 590 |
_aCONVERSION _b10 _c20130109 _lUCH01 _h1354 |
||
| 650 | 1 | 4 |
_aAgua potable _xCalidad. _92446 |
| 650 | 1 | 4 |
_aAgua _xAbastecimiento _xCostos. _92238 |
| 650 | 1 | 4 |
_aAgua _xUtilización _zMéxico (Edo.). _92406 |
| 700 | 1 |
_aRodríguez Méndez, Cirilo. _998703 |
|
| 856 |
_3Finding aid _uhttp://10.13.5.2/tesis/110065.pdf _zTeclea aqui |
||
| 901 | _aBK | ||
| 942 | _cFOLL | ||
| 949 |
_aTesis _bBC _cTES _d33724002116644 _eTS1 _gDonaciØn _h50490 _i110065 _sb |
||
| 949 |
_aTesis _bBC _cTES _d33724002116686 _eTS2 _fc.2 _gDonaciØn _h50491 _i110065 _sb |
||
| 999 |
_c98407 _d98407 |
||